000 00982nam a2200217Ia 4500
003 Ost
005 20260507075647.0
008 260507s9999||||xx |||||||||||||| ||und||
040 _cfsecg
041 _aara
082 _a330.12
100 _aعبد الله، محمد حامد
_eمؤلف
245 0 _aالنظم الإقتصادية المعاصرة :
_bعرض وتحليل ونقد /
_c محمد حامد عبد الله
260 _aالرياض:
_bعمادة شؤون المكتبات,
_c1987
300 _a181 صفحة؛
_bإيضاحات ؛
_c24 سم
520 _aالنظام الإقتصادي وأسس تقويمه- النظام الإقتصادي الرأسمالي- نظام التخطيط المركزي- النظام الإقتصادي المختلط- النظم الإقتصادية في الدول النامية.
653 _aالإقتصاد
653 _aالإقتصاد المعاصر
653 _aالنظم الإقتصادية
942 _cكتاب
999 _c45512
_d45512